Informes de invstigaciones /
Salvato in:
| Autore principale: | |
|---|---|
| Altri autori: | |
| Natura: | testo |
| Soggetti: | |
| Tags: |
Aggiungi Tag
Nessun Tag, puoi essere il primo ad aggiungerne!!
|
MARC
| LEADER | 00000 a a2200000 04500 | ||
|---|---|---|---|
| 001 | 41644 | ||
| 003 | |||
| 040 | |||
| 100 | |a Smith, Bradford | ||
| 245 | |a Informes de invstigaciones / |c Bradford Smith | ||
| 650 | |a PROYECTOS DE INVESTIGACION | ||
| 650 | |a ORGANIZACIONES NO GUBERNAMENTALES | ||
| 650 | |a CRECIMIENTO ECONOMICO | ||
| 650 | |a POBREZA | ||
| 650 | |a DESARROLLO RURAL | ||
| 650 | |a ARTESANIA | ||
| 700 | |a Musgrove, Philip; Maguire, Robert; Marsh, Robin | ||
| 773 | |g volumen8, número1 ( , 1984), páginas 52-56 | ||
| 999 | |c 26138 |d 26138 | ||
